| 000 | 00521nam a2200169 a 4500 | ||
|---|---|---|---|
| 001 | 3743 | ||
| 003 | CDMR | ||
| 005 | 20131007120917.0 | ||
| 008 | 130130s1967||||||||||||||||||||||||||||d | ||
| 040 |
_aCDMR _bcat _cCDMR |
||
| 100 | 1 |
_aBenach i Torrents, Manuel _92659 |
|
| 245 | 1 | 0 |
_aVilafranca 1865 _b: centenari del primer periodic vilafranquí _cManuel Benach i Torrents |
| 260 |
_aVilafranca del Penedès _c1967 _bTip. Emporium |
||
| 490 | 0 | _aCosas que fueron | |
| 650 | 0 | 4 |
_93717 _aPremsa comarcal _zCatalunya |
| 942 |
_cMON _2udc |
||
| 999 |
_c3743 _d3743 |
||